| 000 | 02078cam a22004934i 4500 | ||
|---|---|---|---|
| 003 | PE-LiUPU | ||
| 005 | 20250731172729.0 | ||
| 008 | 150617s1957 r 000 0 eng d | ||
| 035 | _a(Sirsi) a11441 | ||
| 040 |
_aPE-LiUPU _bspa _cPE-LiUPU _erda |
||
| 049 | _aPRUA | ||
| 082 | 0 | 4 |
_a227.8 _bD34 _221 |
| 100 | 1 |
_aDeissmann, Adolf, _eautor. |
|
| 245 | 1 | 0 |
_aPaul : _ba study in social and religious history / _cAdolf Deissmann. |
| 264 | 1 |
_aNew York : _bHarper Brothers Publishers, _c1957. |
|
| 300 |
_a323 páginas : _bilustraciones ; _c20 centímetros |
||
| 336 |
_atext _2rdacontent |
||
| 337 |
_aunmediated _2rdamedia |
||
| 338 |
_avolume _2rdacarrier |
||
| 504 | _aIncluye bibliografía. | ||
| 505 | 0 | _aThe problem and the sources -- The world of Paul -- Paul the man -- Paul the Jew -- Paul the Christian -- Paul the christian (Continued) -- Paul the apostle -- Paul in the world's religious history -- The proconsulate of L. Junius Gallio -- On the altar to the unknown God -- Santa croce, Florence -- Diagrams -- Places, persons, subjects -- Greeki words -- Passages. | |
| 526 | _aSEG42 | ||
| 526 | _aSEG41 | ||
| 526 | _aSEG40 | ||
| 526 | _aSEG39 | ||
| 526 | _aP94 | ||
| 526 | _aP87 | ||
| 526 | _aP86 | ||
| 526 | _aP85 | ||
| 526 | _aP77 | ||
| 526 | _aP76 | ||
| 526 | _aP35 | ||
| 600 | 1 |
_aPablo de Tarso. _d2 a. C -- c. 66 d. C. |
|
| 650 | 0 | 4 | _aTeología social (San Pablo). |
| 910 |
_ajck _bjvq _cjck _d20150616 |
||
| 942 |
_2ddc _cBOOK |
||
| 949 |
_a227.8 D34 _wDEWEY _c1 _i12078 _lCCODEBUL1 _mBUL _p00.00 _r0 _sY _tBOOK _u19770818 _xTEOLOGIA _PP35 _0COMPRA _o.STAFF. Colección General |
||
| 994 |
_aC0 _bPEPRU |
||
| 596 | _a1 | ||
| 999 |
_a227.8 D34 _wDEWEY _c1592 _i12078 _f2019-12-10 _g4 _lDISCARD _mBUL _r0 _sY _tBOOK _u2015-6-17 _xTEOLOGIA _PP35 _0COMPRA _o.STAFF. Colección General _d1592 |
||
| 999 |
_a227.8 D34 _wDEWEY _c2 _i75932 _f2021-11-9 _g4 _lCCODEBUL1 _mBUL _p5.00 _r0 _sY _tBOOK _u2017-5-10 _xTEOLOGIA _PP85 _0COMPRA |
||
| 980 |
_81 _gALBERTO SANCHEZ Responsable de Automatización |
||